The Facts on World Religions (Record no. 12094)

MARC details
000 -LEADER
fixed length control field 00562nam a2200217 a 4500
001 - CONTROL NUMBER
control field 0001-2094
003 - CONTROL NUMBER IDENTIFIER
control field ELIB.Books
008 - FIXED-LENGTH DATA ELEMENTS--GENERAL INFORMATION
fixed length control field 190723 2010 eng
020 ## - INTERNATIONAL STANDARD BOOK NUMBER
International Standard Book Number 0736910786
092 ## - LOCALLY ASSIGNED DEWEY CALL NUMBER (OCLC)
Classification number 261.2
Item number Ank
100 ## - MAIN ENTRY--PERSONAL NAME
Personal name Ankerberg, John.
245 ## - TITLE STATEMENT
Title The Facts on World Religions
260 ## - PUBLICATION, DISTRIBUTION, ETC. (IMPRINT)
Place of publication, distribution, etc. Eugene, Oregon
Name of publisher, distributor, etc. Harvest House Publishers
Date of publication, distribution, etc. 2004
300 ## - PHYSICAL DESCRIPTION
Extent 64
Dimensions 20.5cm
650 ## - SUBJECT ADDED ENTRY--TOPICAL TERM
Topical term or geographic name as entry element Religions
856 ## - ELECTRONIC LOCATION AND ACCESS
Name of location of host KBTS Library
Uniform Resource Identifier <a href="KBTS Elib">KBTS Elib</a>
942 ## - ADDED ENTRY ELEMENTS (KOHA)
Source of classification or shelving scheme Dewey Decimal Classification
Koha item type Books
990 ## - EQUIVALENCES OR CROSS-REFERENCES [LOCAL, CANADA]
Link information for 9XX fields 2
998 ## - LOCAL CONTROL INFORMATION (RLIN)
-- Englishbooks.elf
Cataloger's initials, CIN (RLIN) cat
-- 2019-07-23
Holdings
Withdrawn status Lost status Source of classification or shelving scheme Damaged status Not for loan Home library Current library Date acquired Total Checkouts Barcode Date last seen Bill Date Koha item type
    Dewey Decimal Classification     Karen Baptist Theological Seminary Library Karen Baptist Theological Seminary Library 23/07/2019   13482, 13483 22/01/2022 22/01/2022 Books
Implemented & Customized by: BestBookBuddies

Powered by Koha